000 01070nam a2200229 a 4500
001 001144751
003 AM-YeHGA
005 20250617162857.0
008 160428s1959 ru a||||r|||||001|0|rus|d
040 _aAM-YeHGA
041 0 _arus
100 1 _aДанилов, Иван Васильевич
245 1 0 _aДиагностика ранних сроков беременности /
_cИ.В. Данилов; М-во здравоохранения РСФСР; Казан. гос. ин-т усовершенствования врачей им. В.И. Ленина.
260 _aКазань :
_bБ. и.,
_c1959.
300 _a32 с. :
_bил. ;
_c22 см.
504 _aБиблиогр.: с. 27-32
650 1 4 _aБеременность
653 0 _aБеременность - Диагностика
710 2 _aМинистерство здравоохранения РСФСР
710 2 _aКазанский государственный институт усовершенствования врачей им. В.И. Ленина
090 _c500666
999 _c497273
_d497273